Kinetik inhalierter Rotlaufbakterien (Erysipelothrix rhusiopathiae) in der Ratte /

Bibliographic Details
Main Author: Hensel, Andreas
Format: Book
Language:German
Published: Hannover : [publisher not identified], 1988.
Series:Inaugural-Dissertation / Tierärztliche Hochschule Hannover ; 1988, [no. 67]

MARC

Tag First Indicator Second Indicator Subfields
LEADER 00000cam a2200000Ka 4500
001 in00004530677
005 20191205081729.0
008 890614s1988 gw a b 000 0 ger
035 |a (OCoLC)ocm19868186 
035 |a (OCoLC)19868186 
035 |z (UtOrBLW)62785 
035 |a 90068 
040 |a AGL  |b eng  |c AGL  |d OCLCQ  |d UtOrBLW 
041 0 |a ger  |b eng 
049 |a TMVM 
072 0 |a L810 
072 0 |a L832 
072 0 |a L600 
100 1 |a Hensel, Andreas. 
242 0 0 |a Kinetics of inhaled erysipelas bacteria (Erysipelothrix rhusiopathiae) in rats.  |y eng 
245 1 0 |a Kinetik inhalierter Rotlaufbakterien (Erysipelothrix rhusiopathiae) in der Ratte /  |c vorgelegt von Andreas Hensel. 
264 1 |a Hannover :  |b [publisher not identified],  |c 1988. 
300 |a 190 pages :  |b illustrations ;  |c 21 cm. 
336 |a text  |2 rdacontent  |b txt 
337 |a unmediated  |2 rdamedia 
338 |a volume  |2 rdacarrier  |b nc 
490 0 |a Inaugural-Dissertation / Tierärztliche Hochschule Hannover ;  |v 1988, [no. 67] 
500 |a English summary. 
504 |a Includes bibliographical references (pages 156-190). 
999 |a MARS 
999 f f |s 4d90db02-20e9-3414-990b-5588497b598c  |i 349adf47-2dc8-3238-8d73-514bdae09043  |t 0 
952 f f |p preservation  |a Texas A&M University  |b J.J. Pickle Campus  |c High Density Repository  |d Remote Storage  |t 0  |e German dissertations  |h Other scheme  |i unmediated -- volume  |m 323890245686D 
998 f f |a German dissertations  |t 0  |l Remote Storage